000 00667nam a2200193Ia 4500
001 5340
003 GE_BSU
008 181216s||||||||xx |||||||||||||| ||und||
040 _cGE_BSU
080 _a517.983
100 _aАзизов Т.Я;Иохвидов И.С;
245 _aОсновы теории линейных операторов в пространствах с индефинитной метрикой.
245 _cРед.В.В. Донченько
260 _bНаука
260 _c1986
300 _a352стр.20см.
653 _aОсновы теории линейных операторов в пространствах
942 _cBK
999 _c38919
_d38919